Chelsea Current Squad - Statistics

General Stats
  • This quiz has been taken 30,649 times
    4,232 since last reset
  • The average score is 23 of 35
Answers on the Map
Answers color-coded by a green-red scale on the quiz's map according to % correct below.
 
Answer Stats
# Position Player Nation % Correct
10 MF Cole Palmer
98%
3 DF Marc Cucurella
98%
8 MF Enzo Fernández
95%
1 GK Robert Sánchez
95%
24 DF Reece James
94%
7 FW Pedro Neto
93%
20 FW João Pedro
92%
25 MF Moisés Caicedo
90%
27 DF Malo Gusto
89%
9 FW Liam Delap
88%
49 FW Alejandro Garnacho
85%
41 FW Estêvão
85%
29 DF Wesley Fofana
84%
23 DF Trevoh Chalobah
82%
Head Coach Enzo Maresca
80%
6 DF Levi Colwill
79%
4 DF Tosin Adarabioyo
74%
5 DF Benoît Badiashile
72%
11 FW Jamie Gittens
70%
17 MF Andrey Santos
69%
12 GK Filip Jörgensen
68%
21 DF Jorrel Hato
65%
32 FW Tyrique George
63%
45 MF Roméo Lavia
60%
34 DF Josh Acheampong
57%
38 FW Marc Guiu
55%
14 MF Dário Essugo
38%
40 MF Facundo Buonanotte
35%
44 GK Gabriel Slonina
34%
46 MF Reggie Walsh
23%
62 FW Shim Mheuka
21%
35 GK Ted Curd
7%
42 MF Jimi Tauriainen
6%
36 MF Samuel Rak-Sakyi
6%
47 DF Harrison Murray-Campbell
4%
No matching quizzes found
Score Distribution
Percent of People with Each Score
Percentile by Number Answered
Your Score History
You have not taken this quiz since the last reset